טוען...
Culture and civilization of ancient India in historical outline
| מחבר ראשי: | |
|---|---|
| פורמט: | Printed Book |
| יצא לאור: |
New Delhi
Vikas
1999 reprint
|
| נושאים: |
| LEADER | 00477cam a2200145ua 4500 | ||
|---|---|---|---|
| 020 | |a 0-7069-8613-X | ||
| 082 | |a 934 |b KOS/C | ||
| 100 | |a Kosambi, D.D | ||
| 245 | 1 | 0 | |a Culture and civilization of ancient India in historical outline |
| 260 | |a New Delhi |b Vikas |c 1999 reprint | ||
| 300 | |a xi,243p. | ||
| 650 | 0 | |a History - India | |
| 942 | |c BK | ||
| 999 | |c 2525 |d 2525 | ||
| 952 | |0 0 |1 0 |4 0 |6 934_000000000000000_KOSC |7 0 |9 2638 |a KUCL |b KUCL |d 2014-05-23 |l 3 |m 1 |o 934 KOS/C |p 05653 |r 2018-10-24 |s 2018-10-17 |y BK | ||